| 000 | 00622nam a2200169 a 4500 | ||
|---|---|---|---|
| 008 | 190521s2002 ||||||||||||||||| || u | ||
| 010 | _a2004315767 | ||
| 020 | _a9780750656436 | ||
| 050 | _aTA 403 Phi | ||
| 100 | _aBolton, W | ||
| 245 | 1 | 0 |
_aTechnology of engineering materials _cMathew Philip, Bill Bolton |
| 260 |
_aOxford _bButterworth-Heinemann _c2002 |
||
| 300 | _aviii, 471 pages : illustrations | ||
| 650 | 0 | _aMATERIALS | |
| 700 | _aPhilip, Mathew | ||
| 995 |
_FCBU-MAIN LIBRARY (Kitwe) _I37.73 _M1 _UAVAILABLE _WMay 21, 2019 _ZMain Library Open Access Collection |
||
| 999 |
_c59591 _d59591 |
||